<?xml version="1.0" encoding="UTF-8"?>
<record
    xmlns:xsi="http://www.w3.org/2001/XMLSchema-instance"
    xsi:schemaLocation="http://www.loc.gov/MARC21/slim http://www.loc.gov/standards/marcxml/schema/MARC21slim.xsd"
    xmlns="http://www.loc.gov/MARC21/slim">

  <leader>01577nam a2200241 a 4500</leader>
  <controlfield tag="001"> </controlfield>
  <controlfield tag="003">OSt</controlfield>
  <controlfield tag="005">20230713100407.0</controlfield>
  <controlfield tag="008">090331s2002    dr            000 0 spa d</controlfield>
  <datafield tag="040" ind1=" " ind2=" ">
    <subfield code="a">DO-SdBNP</subfield>
    <subfield code="b">spa</subfield>
    <subfield code="c">  </subfield>
  </datafield>
  <datafield tag="082" ind1=" " ind2=" ">
    <subfield code="a">324.27293</subfield>
    <subfield code="b">B742pa, 2002</subfield>
    <subfield code="2">22</subfield>
  </datafield>
  <datafield tag="100" ind1="1" ind2=" ">
    <subfield code="a"> Bosch, Juan, </subfield>
    <subfield code="d">1909-2001</subfield>
    <subfield code="9">1</subfield>
  </datafield>
  <datafield tag="245" ind1="1" ind2="3">
    <subfield code="a">El partido :</subfield>
    <subfield code="b">concepci&#xF3;n, organizaci&#xF3;n y desarrollo /</subfield>
    <subfield code="c">Juan Bosch.</subfield>
  </datafield>
  <datafield tag="250" ind1=" " ind2=" ">
    <subfield code="a">4a. ed.</subfield>
  </datafield>
  <datafield tag="260" ind1=" " ind2=" ">
    <subfield code="a">Santo Domingo :</subfield>
    <subfield code="b">Alfa &amp; Omega,</subfield>
    <subfield code="c">2002.</subfield>
  </datafield>
  <datafield tag="300" ind1=" " ind2=" ">
    <subfield code="a">ii, 253 p. ;</subfield>
    <subfield code="c">21 cm.</subfield>
  </datafield>
  <datafield tag="505" ind1="0" ind2=" ">
    <subfield code="a">Palabras de explicaci&#xF3;n --</subfield>
    <subfield code="t">An&#xE1;lisis del partido --</subfield>
    <subfield code="t">Significado de la dial&#xE9;ctica --</subfield>
    <subfield code="t">Sobre el partido --</subfield>
    <subfield code="t">Las alianzas entre partidos --</subfield>
    <subfield code="t">Para los c&#xED;rculos --</subfield>
    <subfield code="t">La consulta a las bases del PLD --</subfield>
    <subfield code="t">El segundo paso --</subfield>
    <subfield code="t">El PLD y las elecciones --</subfield>
    <subfield code="t">El primer congreso elector nacional --</subfield>
    <subfield code="t">Por qu&#xE9; vamos --</subfield>
    <subfield code="t">Discurso en el primer congreso --</subfield>
    <subfield code="t">Los m&#xE9;todos de trabajo --</subfield>
    <subfield code="t">Los m&#xE9;todos de trabajo del PLD --</subfield>
    <subfield code="t">Base te&#xF3;rica de los m&#xE9;todos de trabajo --</subfield>
    <subfield code="t">La crisis del PLD --</subfield>
    <subfield code="t">Aprendamos a desconfiar --</subfield>
    <subfield code="t">Razones que tiene el PLD para ir a las elecciones --</subfield>
    <subfield code="t">Hay que tener cuidado con el populismo --</subfield>
    <subfield code="t">Los resultados de las elecciones --</subfield>
    <subfield code="t">&#xBF;Qu&#xE9; gan&#xF3; el PLD en las elecciones? --</subfield>
    <subfield code="t">Lenin aplic&#xF3; un programa de derechas --</subfield>
    <subfield code="t">Lenin, el programa y la t&#xE1;ctica --</subfield>
    <subfield code="t">El peri&#xF3;dico y el partido --</subfield>
    <subfield code="t">La venta de vanguardia --</subfield>
    <subfield code="t">El peri&#xF3;dico del partido.</subfield>
  </datafield>
  <datafield tag="590" ind1=" " ind2=" ">
    <subfield code="a">Inventariado, 2023/VM</subfield>
  </datafield>
  <datafield tag="610" ind1=" " ind2="4">
    <subfield code="a">Partido de la Liberaci&#xF3;n Dominicana</subfield>
  </datafield>
  <datafield tag="650" ind1=" " ind2="4">
    <subfield code="a">Partidos pol&#xED;ticos</subfield>
    <subfield code="z">Rep&#xFA;blica Dominicana</subfield>
  </datafield>
  <datafield tag="910" ind1=" " ind2=" ">
    <subfield code="a"> VMateo V. Control de calidad (BPMSU)</subfield>
  </datafield>
  <datafield tag="942" ind1=" " ind2=" ">
    <subfield code="2">ddc</subfield>
    <subfield code="c">BK</subfield>
  </datafield>
  <datafield tag="952" ind1=" " ind2=" ">
    <subfield code="0">0</subfield>
    <subfield code="1">0</subfield>
    <subfield code="2">ddc</subfield>
    <subfield code="4">0</subfield>
    <subfield code="7">0</subfield>
    <subfield code="8">CD</subfield>
    <subfield code="a">BPMET</subfield>
    <subfield code="b">BPMET</subfield>
    <subfield code="d">2021-11-04</subfield>
    <subfield code="e">Fundaci&#xF3;n Juan Bosch </subfield>
    <subfield code="h"> </subfield>
    <subfield code="l">0</subfield>
    <subfield code="o">BPMSU CD 324.27293 B742pa, 2002</subfield>
    <subfield code="p">BPMSU21110034</subfield>
    <subfield code="r">2021-11-04</subfield>
    <subfield code="w">2021-11-04</subfield>
    <subfield code="y">BK</subfield>
  </datafield>
  <datafield tag="952" ind1=" " ind2=" ">
    <subfield code="0">0</subfield>
    <subfield code="1">0</subfield>
    <subfield code="2">ddc</subfield>
    <subfield code="4">0</subfield>
    <subfield code="7">0</subfield>
    <subfield code="8">CD</subfield>
    <subfield code="a">BPMET</subfield>
    <subfield code="b">BPMET</subfield>
    <subfield code="d">2021-11-04</subfield>
    <subfield code="e">Fundaci&#xF3;n Juan Bosch </subfield>
    <subfield code="h"> </subfield>
    <subfield code="l">0</subfield>
    <subfield code="o">BPMSU CD 324.27293 B742pa, 2002</subfield>
    <subfield code="p">BPMSU23070028</subfield>
    <subfield code="r">2023-07-13</subfield>
    <subfield code="t">e.2</subfield>
    <subfield code="w">2021-11-04</subfield>
    <subfield code="y">BK</subfield>
  </datafield>
  <datafield tag="999" ind1=" " ind2=" ">
    <subfield code="c">13839</subfield>
    <subfield code="d">13839</subfield>
  </datafield>
</record>
